El barrilete y la pesadilla (Registro nro. 11054)

Detalles MARC
000 -Cabecera
Campo de control de longitud fija 00696nam a22002777a 4500
005 - Fecha y hora de la última transacción
Campo de control 20250912165200.0
008 - Elementos de longitud fija--Información general
Campo de control de longitud fija 180827b xxu||||| |||| 00| 0 spa d
020 ## - International Standard Book Number
Número Internacional Estándar del Libro (ISBN) 9789968483605
041 ## - Idioma
Código de idioma Español
082 ## - Clasificación Decimal Dewey
Número de clasificación CR 862.4 D633b
100 ## - Entrada principal--Autor personal
Nombre personal Dobles, Fabián
9 (RLIN) 2351
245 ## - Título propiamente dicho
Título El barrilete y la pesadilla
260 ## - Pie de imprenta
Lugar de publicación, distribución, etc. Costa Rica
260 ## - Pie de imprenta
Nombre del editor, distribuidor, etc. EUNED
260 ## - Pie de imprenta
Fecha de publicación, distribución, etc. 2017
300 ## - Descripción física
Extensión 120 páginas
490 ## - Serie
Título de la Serie Temática General
490 ## - Serie
Título de la Serie Teatro Clásico y Contemporáneo
650 ## - Materia general
Temática (materia general) TEMÁTICA GENERAL
650 ## - Materia general
Temática (materia general) TEATRO COSTARRICENSE
650 ## - Materia general
Temática (materia general) LITERATURA COSTARRICENSE
650 ## - Materia general
Temática (materia general) CRÍTICA
650 ## - Materia general
Temática (materia general) IRONÍA
650 ## - Materia general
Temática (materia general) COSTA RICA
942 ## - Punto de acceso adicional KOHA
Tipo de ítem KOHA Literatura
Fuente del sistema de clasificación o colocación Dewey Decimal Classification
Existencias
Signatura completa Código de barras Programa Académico Tipo de ítem
CR 862.4 D633b 23396 Temática General Literatura